zpět

Detail výsledku týmu

Za Vodojemem, Chrudim

Datum a čas kvízu

31 Celkem bodů Celkový počet nahraných bodů na tomto kvízu bez doplňovacích otázek.
1. Pořadí na kvízu Konečné umístění týmu na tomto kvízu.

Zaznamenané odpovědi

# Otázka Odpověď Body Výsledky
1. Bývalý fotbalista Tomáš Řepka... 2,5 roku 1
2. Bílý dům chtěl po americkém ná... John McCain 1
3. V úterý byly před zlínským Vel... Helena Vondráčková, Jan Hrušínský 0
4. Italsko-americká automobilka F... Renault 0
5. Fotbalový klub z Birminghamu s... Aston Villa 1
6. Začneme složením vzduchu. Že j... 1D 2A 3B 4C 0
7. Nedaleko jednoho středočeského... Čáslav 1
8. Že má tento přístroj něco spol... anemometr 0
9. Černé soustředné čáry na mapě... hektopascal (hPa) 1
10. Vítr je zjednodušeně řečeno po... meteorismus 1